| 000 | 00541nam a2200193Ia 4500 | ||
|---|---|---|---|
| 005 | 20250210033139.0 | ||
| 008 | 240331s9999 xx 000 0 und d | ||
| 020 | _a1558610693 | ||
| 082 |
_bHUS _24021 _a304.66 |
||
| 100 | _aHuston, P | ||
| 245 | 0 |
_aMotherhood by Choice: _bPioneers in Women's Health & Family Planning |
|
| 260 |
_aNew York _bThe Feminist Press at The City University of New York _c1992 |
||
| 300 | _aix, 182 p., | ||
| 650 | _aMotherhood | ||
| 650 | _aWomen | ||
| 650 | _aWomen's Health | ||
| 650 | _aFamily | ||
| 942 | _cL | ||
| 999 |
_c1426 _d1426 |
||